000 00440nam a2200145Ii 4500
003 URS
008 240419s9999 xx 000 0 und d
245 0 _a Strategic management: Competitiveness and globalization: Concepts and cases
245 0 _cHitt, M.A., Ireland, R.D. & Hoskisson, R.E.
264 _c2023
336 _atext
_btxt
_2rdacontent
337 _aunmediated
_bn
_2rdamedia
338 _avolume
_bnc
_2rdacarrier
942 _cBK
_2lcc
999 _c79262
_d79261